000 00234nam a2200097Ia 4500
008 190216s9999||||xx |||||||||||||| ||und||
100 _aKardwell
245 0 _aDravida Bhasha Vyakaranam
260 _bKerala Bhasha Institute
942 _cBK
999 _c25441
_d25441